|
|
|
|
| LEADER |
00000nam0a2200000 4500 |
| 001 |
133508 |
| 005 |
20231101220431.0 |
| 035 |
|
|
|a (RuTPU)RU\TPU\book\144699
|
| 090 |
|
|
|a 133508
|
| 100 |
|
|
|a 20080318d1980 km y0rusy50 ca
|
| 101 |
0 |
|
|a rus
|
| 102 |
|
|
|a RU
|
| 105 |
|
|
|a a z 001zy
|
| 200 |
1 |
|
|a Логические методы построения математических моделей
|a Опыт формализации в системном анализе воспроизводства трудовых ресурсов
|f И. С. Ладенко
|g Академия наук СССР, Сибирское отделение, Институт экономики и организации промышленного производства ; под ред. Е. П. Звонова
|
| 210 |
|
|
|a Новосибирск
|c Наука
|d 1980
|
| 215 |
|
|
|a 193 с.
|c ил.
|
| 320 |
|
|
|9 572
|a Библиогр.: с. 189-190
|
| 606 |
1 |
|
|a Математическое моделирование
|2 stltpush
|3 (RuTPU)RU\TPU\subj\41237
|9 61043
|
| 610 |
1 |
|
|a системный анализ
|
| 610 |
1 |
|
|a трудовые ресурсы
|
| 610 |
1 |
|
|a воспроизводство
|
| 610 |
1 |
|
|a логические методы
|
| 610 |
1 |
|
|a математические модели
|
| 610 |
1 |
|
|a символические методы
|
| 610 |
1 |
|
|a логический анализ
|
| 610 |
1 |
|
|a трудовая мобильность
|
| 675 |
|
|
|a 519.876
|v 3
|
| 700 |
|
1 |
|a Ладенко
|b И. С.
|g Иосиф Семенович
|
| 702 |
|
1 |
|a Звонов
|b Е. П.
|4 340
|
| 712 |
0 |
2 |
|a Академия наук СССР
|b Сибирское отделение
|b Институт экономики и организации промышленного производства
|c (Новосибирск)
|2 stltpush
|3 (RuTPU)RU\TPU\col\12174
|9 25345
|
| 801 |
|
1 |
|a RU
|b 63413507
|c 20080228
|g PSBO
|
| 801 |
|
2 |
|a RU
|b 63413507
|c 20210421
|g PSBO
|
| 942 |
|
|
|c BK
|